[Event "CAN-op"]
[Site "Edmonton CAN"]
[Date "2009.07.18"]
[Round "8.48"]
[White "Abrahams, Daniel"]
[Black "Thompson, Peter"]
[Result "1-0"]
[WhiteElo "2023"]
[BlackElo "1793"]
[PlyCount "99"]
[GameId "2160767910156287"]
[EventDate "2009.07.11"]
[EventType "swiss"]
[EventRounds "9"]
[EventCountry "CAN"]
[SourceTitle "hb 2009.08"]

1. e4 c5 2. Nf3 Nc6 3. d4 cxd4 4. Nxd4 Nf6 5. Nc3 e6 6. Nxc6 dxc6 7. Bd3 e5 8. O-O Be7 9. b3 O-O 10. Bb2 Bc5 11. Na4 Bd6 12. c4 Bc7 13. Qe2 Qe7 14. Rad1 Bg4 15. f3 Bh5 16. Qe3 Bd6 17. Kh1 Rfe8 18. c5 Bc7 19. Bc3 Nd7 20. b4 a6 21. Bc4 Rad8 22. Bb3 Bg6 23. Nb2 b5 24. Nd3 Nf6 25. Qg5 Kh8 26. Qc1 Nd7 27. Qb2 f6 28. Nf2 Nf8 29. Ng4 Ne6 30. g3 Ng5 31. Kg2 Ne6 32. a4 Rxd1 33. Rxd1 Rd8 34. Rxd8+ Nxd8 35. Qd2 h5 36. Ne3 Kh7 37. axb5 axb5 38. Kf2 Qe8 39. Nf5 Bxf5 40. exf5 Nf7 41. h4 Nh6 42. Bc2 Qd8 43. Qxd8 Bxd8 44. Be4 Kg8 45. Bd2 Nf7 46. Bxc6 Kf8 47. Bxb5 Bc7 48. Ke3 e4 49. f4 Ke7 50. Kxe4 1-0

[Event "CAN-op"]
[Site "Edmonton CAN"]
[Date "2009.07.18"]
[Round "8.49"]
[White "Daniluk, Jim"]
[Black "White, Chris"]
[Result "1-0"]
[WhiteElo "2005"]
[BlackElo "1766"]
[PlyCount "63"]
[GameId "2160767910156288"]
[EventDate "2009.07.11"]
[EventType "swiss"]
[EventRounds "9"]
[EventCountry "CAN"]
[SourceTitle "hb 2009.08"]

1. d4 d5 2. Nf3 Nf6 3. c4 e6 4. g3 c6 5. Bg2 Be7 6. Nc3 O-O 7. O-O Nbd7 8. Qc2 dxc4 9. a4 Bb4 10. e4 Re8 11. e5 Nd5 12. Ng5 Nf8 13. Be4 f5 14. exf6 Nxf6 15. Bg2 Qxd4 16. Rd1 Qb6 17. Nce4 Nxe4 18. Bxe4 g6 19. h4 Re7 20. Qxc4 Rd7 21. Be3 Rxd1+ 22. Rxd1 Qa5 23. Bxc6 bxc6 24. Qxc6 Rb8 25. Qe8 Qf5 26. Bf4 Ra8 27. Qc6 e5 28. Be3 Rb8 29. Bxa7 Bb7 30. Qc4+ Kh8 31. Bxb8 h6 32. Bxe5+ 1-0

[Event "CAN-op"]
[Site "Edmonton CAN"]
[Date "2009.07.18"]
[Round "8.50"]
[White "Longo, Tyler"]
[Black "Sillador, Rory"]
[Result "0-1"]
[WhiteElo "1992"]
[BlackElo "1890"]
[PlyCount "56"]
[GameId "2160767910156289"]
[EventDate "2009.07.11"]
[EventType "swiss"]
[EventRounds "9"]
[EventCountry "CAN"]

1. d4 e6 2. Nf3 Nf6 3. e3 b6 4. Bd3 Bb7 5. Nbd2 d5 6. Ne5 Nbd7 7. f4 Qc8 8. b3 Bb4 9. Bb2 Ne4 10. Bxe4 dxe4 11. O-O Nf6 12. c3 Be7 13. c4 O-O 14. h3 Nd7 15. Qc2 f5 16. Kh2 Nxe5 17. fxe5 Qe8 18. g3 Rd8 19. Rg1 c5 20. Qc3 Qh5 21. Raf1 Bg5 22. g4 Qh6 23. gxf5 Bxe3 24. Rg2 Rxd4 25. Nb1 Rd3 26. Qe1 Bf4+ 27. Kg1 Rxh3 28. f6 Be3+ 0-1

[Event "CAN-op"]
[Site "Edmonton CAN"]
[Date "2009.07.18"]
[Round "8.51"]
[White "Nadeau, Francois"]
[Black "Ferreira, Alex"]
[Result "0-1"]
[WhiteElo "1760"]
[BlackElo "1987"]
[PlyCount "71"]
[GameId "2160767910156290"]
[EventDate "2009.07.11"]
[EventType "swiss"]
[EventRounds "9"]
[EventCountry "CAN"]

1. d4 d5 2. c4 e5 3. Nc3 dxc4 4. e3 exd4 5. Qxd4 Qxd4 6. exd4 Nc6 7. Nf3 Nb4 8. Kd2 Be6 9. a3 Nd3 10. Bxd3 cxd3 11. Kxd3 O-O-O 12. Bf4 Bd6 13. Bxd6 Rxd6 14. Rac1 a6 15. Rhe1 Nf6 16. h3 Rhd8 17. b4 Kb8 18. a4 Nd5 19. b5 Nf4+ 20. Ke4 Nxg2 21. Rg1 Bxh3 22. Ne2 Re8+ 23. Kd3 Rf6 24. Ne5 Rxf2 25. bxa6 f6 26. Nc4 Bf5+ 27. Kc3 Rexe2 28. axb7 Kxb7 29. Kb4 Rc2 30. Na5+ Kc8 31. Rce1 Nxe1 32. Rxg7 Nd3+ 33. Kb5 Bd7+ 34. Ka6 Nb4+ 35. Ka7 Nc6+ 36. Nxc6 0-1

[Event "CAN-op"]
[Site "Edmonton CAN"]
[Date "2009.07.18"]
[Round "8.52"]
[White "Faust, Steven"]
[Black "Steele, Len"]
[Result "1/2-1/2"]
[WhiteElo "1757"]
[BlackElo "1984"]
[PlyCount "57"]
[GameId "2160767910156291"]
[EventDate "2009.07.11"]
[EventType "swiss"]
[EventRounds "9"]
[EventCountry "CAN"]
[SourceTitle "hb 2009.08"]

1. Nf3 Nf6 2. g3 g6 3. Bg2 Bg7 4. O-O O-O 5. c4 e6 6. Nc3 c6 7. Qc2 d5 8. cxd5 exd5 9. d4 Be6 10. Bg5 Nbd7 11. Nd1 h6 12. Bxf6 Bxf6 13. Rc1 Kg7 14. Nc3 Bf5 15. Qd2 Re8 16. e3 Nb6 17. b3 a5 18. a4 Nc8 19. Rfd1 Nd6 20. Ne1 Re7 21. Nd3 Qe8 22. Nf4 Ne4 23. Nxe4 Bxe4 24. Bxe4 Rxe4 25. Kg2 Qe7 26. h3 Qe8 27. Rc2 Be7 28. Nd3 Bd6 29. Nc5 1/2-1/2

[Event "CAN-op"]
[Site "Edmonton CAN"]
[Date "2009.07.18"]
[Round "8.54"]
[White "Fu, James"]
[Black "Newton, Geoff"]
[Result "0-1"]
[WhiteElo "1764"]
[BlackElo "1953"]
[PlyCount "86"]
[GameId "2160767910156293"]
[EventDate "2009.07.11"]
[EventType "swiss"]
[EventRounds "9"]
[EventCountry "CAN"]
[SourceTitle "hb 2009.08"]

1. e4 e6 2. d4 d5 3. Nc3 Bb4 4. Bd3 dxe4 5. Bxe4 Nf6 6. Bf3 c5 7. Be3 Qa5 8. Nge2 cxd4 9. Qxd4 Nc6 10. Bxc6+ bxc6 11. O-O Ba6 12. Rfd1 O-O 13. a3 Be7 14. Ng3 Nd5 15. Nh5 f6 16. Qg4 Rf7 17. Qxe6 Nxc3 18. bxc3 Qxh5 19. Qxc6 Rc8 20. Qxa6 Rxc3 21. Qa4 Rxa3 22. Rd8+ Bxd8 23. Qxa3 Rd7 24. Qb3+ Kh8 25. g3 Rd1+ 26. Rxd1 Qxd1+ 27. Kg2 a5 28. h4 h6 29. Qf7 Qd6 30. h5 Bb6 31. Qe8+ Kh7 32. Qg6+ Kh8 33. Bxh6 gxh6 34. Qxh6+ Kg8 35. Qg6+ Kh8 36. Qf7 Bc5 37. Kf3 Qf8 38. Qc4 Qa8+ 39. Ke2 Qe8+ 40. Kf1 Qxh5 41. Qe2 Qxe2+ 42. Kxe2 Bxf2 43. Kxf2 a4 0-1

[Event "CAN-op"]
[Site "Edmonton CAN"]
[Date "2009.07.18"]
[Round "8.55"]
[White "Araullo, Marlon"]
[Black "Arfin, Sam"]
[Result "1-0"]
[WhiteElo "1596"]
[BlackElo "1916"]
[PlyCount "85"]
[GameId "2160767910156294"]
[EventDate "2009.07.11"]
[EventType "swiss"]
[EventRounds "9"]
[EventCountry "CAN"]
[SourceTitle "hb 2009.08"]

1. c4 c5 2. Nc3 g6 3. g3 Bg7 4. Bg2 d6 5. Nf3 Nc6 6. O-O Nf6 7. Re1 O-O 8. d3 a6 9. Bf4 Rb8 10. Qc1 Bd7 11. Rb1 b5 12. Nd2 Nd4 13. Nde4 Nh5 14. Bg5 bxc4 15. dxc4 Ne6 16. Bh6 Re8 17. Nd5 Qa5 18. g4 Bxb2 19. Rxb2 Rxb2 20. gxh5 Nd4 21. Bd2 Qxa2 22. Ndc3 Qb3 23. e3 Nc2 24. Rf1 a5 25. Nd5 f5 26. Ng3 Nb4 27. Qc3 Qa2 28. h6 e5 29. Bc1 Rc2 30. Nxb4 axb4 31. Qd3 Kf7 32. Qxd6 Re7 33. Bd5+ Be6 34. Qxe5 Bxd5 35. Qxd5+ Re6 36. Qd7+ Re7 37. Qd5+ Kf6 38. e4 Qxc4 39. Qd6+ Qe6 40. Qd8 Qf7 41. e5+ Kxe5 42. Re1+ Kf6 43. Qh8+ 1-0

[Event "CAN-op"]
[Site "Edmonton CAN"]
[Date "2009.07.18"]
[Round "8.56"]
[White "Bansal, Prabjeet"]
[Black "Du, Howard"]
[Result "0-1"]
[WhiteElo "1369"]
[BlackElo "1587"]
[PlyCount "76"]
[GameId "2160767910156295"]
[EventDate "2009.07.11"]
[EventType "swiss"]
[EventRounds "9"]
[EventCountry "CAN"]
[SourceTitle "hb 2009.08"]

1. e4 b6 2. d4 Bb7 3. Nc3 d6 4. b3 Nf6 5. f3 Nbd7 6. Bb2 e5 7. d5 Be7 8. Qd2 O-O 9. O-O-O c6 10. g4 Nxg4 11. fxg4 Bg5 12. Nf3 Bxd2+ 13. Nxd2 cxd5 14. exd5 Nf6 15. g5 Nxd5 16. h4 Ne3 17. Re1 Bxh1 18. Rxe3 f5 19. Rd3 Qd7 20. h5 d5 21. Bh3 d4 22. Ne2 Qc6 23. Bxf5 Rxf5 24. Rh3 Rc8 25. c4 dxc3 26. Nxc3 Rxg5 27. Rh4 b5 28. b4 Qf6 29. Rxh1 Rg2 30. Nde4 Qf4+ 31. Kb1 Qf3 32. Rc1 Qd3+ 33. Ka1 Rf8 34. Nc5 Qc4 35. Nd1 Qxb4 36. Bxe5 Rf1 37. Ne6 Rc2 38. Rxc2 Rxd1+ 0-1

[Event "CAN-op"]
[Site "Edmonton CAN"]
[Date "2009.07.18"]
[Round "8.57"]
[White "Neumann, Ralph"]
[Black "Wu, Allan"]
[Result "0-1"]
[WhiteElo "1654"]
[BlackElo "1867"]
[PlyCount "108"]
[GameId "2160767910156296"]
[EventDate "2009.07.11"]
[EventType "swiss"]
[EventRounds "9"]
[EventCountry "CAN"]
[SourceTitle "hb 2009.08"]

1. d4 Nf6 2. c4 g6 3. Nc3 Bg7 4. e4 d6 5. h3 O-O 6. Be3 e5 7. d5 a5 8. a4 Na6 9. Bd3 Bd7 10. g4 Ne8 11. b3 f5 12. gxf5 gxf5 13. f3 fxe4 14. Bxe4 Bf5 15. Qe2 Qh4+ 16. Qf2 Qxf2+ 17. Bxf2 Bxe4 18. fxe4 Bh6 19. Ke2 Nf6 20. Be3 Bxe3 21. Kxe3 Nc5 22. Rb1 Nh5 23. Nge2 h6 24. Rhg1+ Kh7 25. Ng3 Nxg3 26. Rxg3 Rg8 27. Rbg1 Rxg3+ 28. Rxg3 Rf8 29. Rg1 Nxb3 30. Rb1 Nc5 31. Rb5 b6 32. Rb1 Rg8 33. Kf3 Rg7 34. h4 h5 35. Rh1 Rg4 36. Rh2 Rf4+ 37. Ke3 Rg4 38. Kf3 Rf4+ 39. Ke3 Rg4 40. Kf3 Rg1 41. Rc2 Rh1 42. Kg3 Ra1 43. Nb5 Na6 44. Nc3 Ra3 45. Kg2 Nb4 46. Rc1 Nd3 47. Rf1 Rxc3 48. Rf7+ Kg6 49. Rxc7 Nb2 50. Rc6 Nxc4 51. Kf2 Kf6 52. Rc7 Rc2+ 53. Ke1 Rc3 54. Kf2 Nd2 0-1

[Event "CAN-op"]
[Site "Edmonton CAN"]
[Date "2009.07.18"]
[Round "8.58"]
[White "Ludwig, David"]
[Black "Razzaq, Ali"]
[Result "1/2-1/2"]
[WhiteElo "1680"]
[BlackElo "1859"]
[PlyCount "47"]
[GameId "2160767910156297"]
[EventDate "2009.07.11"]
[EventType "swiss"]
[EventRounds "9"]
[EventCountry "CAN"]
[SourceTitle "hb 2009.08"]

1. c4 c6 2. e4 d5 3. cxd5 cxd5 4. exd5 Nf6 5. Nc3 Nxd5 6. Bc4 Nf6 7. d4 e6 8. Nf3 Bb4 9. O-O Bxc3 10. bxc3 Nbd7 11. Ba3 Nb6 12. Bb3 Nbd5 13. c4 Ne7 14. Re1 O-O 15. d5 Re8 16. dxe6 Bxe6 17. Qxd8 Raxd8 18. Ba4 Nc6 19. Bxc6 bxc6 20. Ne5 Rd2 21. Nxc6 Bxc4 22. Rxe8+ Nxe8 23. Nxa7 Rxa2 24. Rxa2 1/2-1/2

[Event "CAN-op"]
[Site "Edmonton CAN"]
[Date "2009.07.18"]
[Round "8.59"]
[White "Green, Jim"]
[Black "Aird, Ian"]
[Result "1/2-1/2"]
[WhiteElo "1782"]
[BlackElo "1972"]
[PlyCount "54"]
[GameId "2160767910156298"]
[EventDate "2009.07.11"]
[EventType "swiss"]
[EventRounds "9"]
[EventCountry "CAN"]
[SourceTitle "hb 2009.08"]

1. e4 d6 2. Nf3 Nf6 3. d3 g6 4. Be2 Bg7 5. O-O O-O 6. c3 c5 7. Nbd2 Nc6 8. Ne1 b5 9. f4 Rb8 10. Kh1 b4 11. a3 a5 12. Qc2 Qd7 13. axb4 axb4 14. Nc4 Bb7 15. Nb6 Qd8 16. Nd5 e6 17. Ne3 Nd7 18. Nf3 Qe7 19. Bd2 Rfc8 20. Qd1 Ra8 21. Qc2 Qd8 22. Rfb1 Nf6 23. Qd1 d5 24. e5 Nd7 25. Qe1 Qe7 26. d4 cxd4 27. Nxd4 Rxa1 1/2-1/2

[Event "CAN-op"]
[Site "Edmonton CAN"]
[Date "2009.07.18"]
[Round "8.61"]
[White "Thomas, Bruce"]
[Black "Kalaydina, Regina Veronicka"]
[Result "1-0"]
[WhiteElo "1752"]
[BlackElo "1812"]
[PlyCount "89"]
[GameId "2160767910156300"]
[EventDate "2009.07.11"]
[EventType "swiss"]
[EventRounds "9"]
[EventCountry "CAN"]
[SourceTitle "hb 2009.08"]

1. c4 e5 2. Nc3 Nf6 3. g3 d5 4. cxd5 Nxd5 5. Bg2 Nb6 6. e3 Nc6 7. a3 a5 8. Nge2 Be7 9. O-O O-O 10. f4 f6 11. Qc2 Be6 12. f5 Bf7 13. g4 a4 14. Qd1 Qd7 15. Qe1 Na5 16. Rb1 Bc4 17. d4 exd4 18. Nxd4 c5 19. Ne6 Bxe6 20. fxe6 Qxe6 21. Qg3 Bd6 22. Qh3 Rfe8 23. Be4 g6 24. Qg2 Nc6 25. Kh1 Be5 26. Nd5 Nd7 27. Nc7 Bxc7 28. Bd5 Kg7 29. Bxe6 Rxe6 30. Bd2 Nde5 31. Bc3 Rae8 32. Rbd1 R8e7 33. g5 f5 34. e4 fxe4 35. Qxe4 Kg8 36. Qxa4 Re8 37. Rf2 Nf7 38. Qb3 Nxg5 39. Rd7 Be5 40. Bxe5 Nxe5 41. Rxb7 c4 42. Qb5 Nef3 43. Qxc4 Kh8 44. Qc3+ Kg8 45. Qg7# 1-0

[Event "CAN-op"]
[Site "Edmonton CAN"]
[Date "2009.07.18"]
[Round "8.62"]
[White "Ritchie, Gordon"]
[Black "Panteluk, Steven"]
[Result "1-0"]
[WhiteElo "1870"]
[BlackElo "1682"]
[PlyCount "61"]
[GameId "2160767910156301"]
[EventDate "2009.07.11"]
[EventType "swiss"]
[EventRounds "9"]
[EventCountry "CAN"]
[SourceTitle "hb 2009.08"]

1. e4 e5 2. Nf3 Nc6 3. Bc4 Be7 4. O-O Nf6 5. Qe2 O-O 6. Rd1 d6 7. h3 Be6 8. d3 h6 9. Bxe6 fxe6 10. c3 Nh7 11. Nbd2 Rf7 12. Nf1 Ng5 13. N1h2 b5 14. d4 exd4 15. cxd4 a6 16. d5 exd5 17. exd5 Na5 18. Nd4 Bf6 19. f4 Bxd4+ 20. Rxd4 Qf6 21. Rd1 Re7 22. fxg5 hxg5 23. Qf3 Qg6 24. Rf1 Rae8 25. b3 Qc2 26. Bxg5 Re2 27. Ng4 Qc5+ 28. Kh1 b4 29. Rac1 Qa7 30. Qf7+ Kh8 31. Rxc7 1-0

[Event "CAN-op"]
[Site "Edmonton CAN"]
[Date "2009.07.18"]
[Round "8.63"]
[White "Fokkema, Jerred"]
[Black "Long, Hugh"]
[Result "1-0"]
[WhiteElo "1864"]
[BlackElo "1672"]
[PlyCount "111"]
[GameId "2160767910156302"]
[EventDate "2009.07.11"]
[EventType "swiss"]
[EventRounds "9"]
[EventCountry "CAN"]
[SourceTitle "hb 2009.08"]

1. e4 d5 2. exd5 Nf6 3. d4 Nxd5 4. c4 Nf6 5. Nf3 Bg4 6. Be2 e6 7. O-O Be7 8. Nc3 O-O 9. Be3 c6 10. Qc2 Nbd7 11. Rad1 Qc7 12. Bg5 Nb6 13. b3 Rfd8 14. Bh4 Nbd7 15. c5 Nf8 16. Bg3 Qc8 17. Ne5 Bf5 18. Bd3 Bxd3 19. Rxd3 Nh5 20. Ne2 Nxg3 21. fxg3 f6 22. Nf3 Ng6 23. Re3 b6 24. Qc4 bxc5 25. dxc5 Rd5 26. b4 a5 27. a3 axb4 28. axb4 Nf8 29. Nf4 Rd8 30. Nxe6 Nxe6 31. Qxe6+ Qxe6 32. Rxe6 Bf8 33. Rxc6 Rab8 34. Rb1 Rd5 35. b5 Rxc5 36. Rxc5 Bxc5+ 37. Kf1 Kf8 38. Ke2 Ke8 39. Kd3 Kd7 40. Kc4 Bd6 41. Nd4 Rb6 42. Ra1 Rb7 43. Ra6 Be5 44. Nc6 Rc7 45. Ra7 Rxa7 46. Nxa7 Kc7 47. Nc6 Bd6 48. Nd4 Kb6 49. Ne6 g6 50. Nf4 Be5 51. Nd5+ Kb7 52. Kc5 g5 53. g4 Bb2 54. h3 Ba3+ 55. Kd4 Bb2+ 56. Ke4 1-0

[Event "CAN-op"]
[Site "Edmonton CAN"]
[Date "2009.07.18"]
[Round "8.64"]
[White "Bentley, Bill"]
[Black "Janzen, Tyler"]
[Result "1-0"]
[WhiteElo "1854"]
[BlackElo "1656"]
[PlyCount "101"]
[GameId "2160767910156303"]
[EventDate "2009.07.11"]
[EventType "swiss"]
[EventRounds "9"]
[EventCountry "CAN"]
[SourceTitle "hb 2009.08"]

1. d4 d6 2. Nf3 Nf6 3. c4 Bg4 4. Qb3 b6 5. h3 Bh5 6. Bf4 Nbd7 7. Nbd2 e6 8. e3 Bg6 9. Nh4 Nh5 10. Nxg6 hxg6 11. Bh2 f5 12. Bd3 c5 13. O-O Be7 14. Rad1 Kf7 15. Qc2 Nhf6 16. Nf3 Nh7 17. e4 Ng5 18. Nxg5+ Bxg5 19. exf5 gxf5 20. d5 e5 21. Bxf5 Nf8 22. f4 Bf6 23. fxe5 dxe5 24. Qe4 Qd6 25. Rde1 Re8 26. Rf3 Nd7 27. Bg6+ Ke7 28. Bxe8 Kxe8 29. Bg3 Kd8 30. Bh2 Kc7 31. Bg3 a6 32. a3 b5 33. b3 Kb6 34. Bf2 Kb7 35. Rc1 bxc4 36. bxc4 Nb6 37. Rb1 Kc7 38. Rfb3 Rb8 39. a4 Nd7 40. Be1 Rxb3 41. Rxb3 Kc8 42. Ba5 Be7 43. Qg4 Qh6 44. Rb6 Qc1+ 45. Kh2 Qf4+ 46. Qxf4 exf4 47. Rxa6 Kb7 48. Re6 Bf6 49. Re4 Kc8 50. Bd2 Nb6 51. a5 1-0

[Event "CAN-op"]
[Site "Edmonton CAN"]
[Date "2009.07.18"]
[Round "8.65"]
[White "MacLeod, Damon"]
[Black "Danner, Jason"]
[Result "0-1"]
[WhiteElo "1835"]
[BlackElo "1626"]
[PlyCount "98"]
[GameId "2160767910156304"]
[EventDate "2009.07.11"]
[EventType "swiss"]
[EventRounds "9"]
[EventCountry "CAN"]
[SourceTitle "hb 2009.08"]

1. e4 c5 2. Nf3 d6 3. Bb5+ Bd7 4. Bxd7+ Qxd7 5. O-O Nc6 6. Qe2 g6 7. Rd1 Bg7 8. c3 Nf6 9. d4 cxd4 10. cxd4 Qc7 11. Nc3 O-O 12. d5 Nb8 13. Be3 Nbd7 14. Rac1 Qa5 15. Rd4 a6 16. b4 Qd8 17. Rc4 b5 18. Rc6 Ng4 19. Nd1 Nge5 20. Nxe5 Nxe5 21. Bb6 Qe8 22. Rc7 Nc4 23. Ba7 Qd8 24. R1xc4 bxc4 25. Qxc4 Rc8 26. Rc6 Qd7 27. Bb6 Qb7 28. Bc7 Qb5 29. Ne3 Ra8 30. Qb3 Qe2 31. g3 Bd4 32. Bb6 Bxb6 33. Rxb6 Rfc8 34. Rc6 Rxc6 35. dxc6 Rc8 36. Qa4 e6 37. Kg2 Qb5 38. Qb3 Qxc6 39. Qd3 f5 40. f3 fxe4 41. fxe4 Rf8 42. Nc4 Qb5 43. Qb3 d5 44. Ne3 Qe2+ 45. Kh3 Rf2 46. Ng4 Qf1+ 47. Kh4 Re2 48. exd5 Re4 49. dxe6 Rxg4+ 0-1

[Event "CAN-op"]
[Site "Edmonton CAN"]
[Date "2009.07.18"]
[Round "8.66"]
[White "Einarsson, Ken"]
[Black "Armstrong, Robert J"]
[Result "1-0"]
[WhiteElo "1734"]
[BlackElo "1831"]
[PlyCount "109"]
[GameId "2160767910156305"]
[EventDate "2009.07.11"]
[EventType "swiss"]
[EventRounds "9"]
[EventCountry "CAN"]
[SourceTitle "hb 2009.08"]

1. d4 g6 2. c4 Bg7 3. Nc3 Nf6 4. e4 d6 5. Nf3 O-O 6. Be2 Nc6 7. O-O e5 8. d5 Ne7 9. Qc2 Nd7 10. b4 a5 11. b5 f5 12. exf5 gxf5 13. Ng5 Nf6 14. f3 Qe8 15. g4 h6 16. Ne6 Bxe6 17. dxe6 Qg6 18. h3 e4 19. Rb1 Nh5 20. Nd5 Nxd5 21. cxd5 Ng3 22. Re1 fxg4 23. fxg4 Nxe2+ 24. Qxe2 Bd4+ 25. Be3 Qf6 26. Bxd4 Qxd4+ 27. Qe3 Qxd5 28. Qxe4 Qc5+ 29. Kh1 Qf2 30. Qg6+ Kh8 31. Qxh6+ Kg8 32. Rf1 Qe2 33. Qg6+ Kh8 34. Rf7 Rxf7 35. exf7 Qf3+ 36. Kg1 Qg3+ 37. Kf1 Qxh3+ 38. Kf2 Qh2+ 39. Kf3 Qh3+ 40. Kf4 Qh2+ 41. Kg5 Qe5+ 42. Qf5 Qxf5+ 43. Kxf5 Kg7 44. Ke6 c6 45. b6 d5 46. Ke7 d4 47. Rf1 Rf8 48. g5 c5 49. g6 d3 50. Rc1 Rc8 51. Rxc5 Rxc5 52. f8=Q+ Kxg6 53. Qf6+ Kh5 54. Qf3+ Kh4 55. Qf2+ 1-0

[Event "CAN-op"]
[Site "Edmonton CAN"]
[Date "2009.07.18"]
[Round "8.67"]
[White "Chaisson, Terry"]
[Black "Amundson, Kristofor"]
[Result "0-1"]
[WhiteElo "1823"]
[BlackElo "1601"]
[PlyCount "116"]
[GameId "2160767910156306"]
[EventDate "2009.07.11"]
[EventType "swiss"]
[EventRounds "9"]
[EventCountry "CAN"]
[SourceTitle "hb 2009.08"]

1. e4 e5 2. f4 Bc5 3. Nf3 Nc6 4. Nc3 d6 5. d3 Nf6 6. fxe5 dxe5 7. Bg5 Bg4 8. h3 Bxf3 9. Qxf3 Nd4 10. Qd1 Ne6 11. Qd2 c6 12. O-O-O Qb6 13. Na4 Qa6 14. Nxc5 Nxc5 15. Bxf6 gxf6 16. Qc3 Qb6 17. Be2 O-O-O 18. Bg4+ Kb8 19. Rhf1 Rd4 20. a3 Rhd8 21. Rxf6 Na4 22. Qb3 Qxb3 23. cxb3 Nc5 24. Be2 R4d7 25. b4 Nb3+ 26. Kb1 Nd4 27. Bh5 Ne6 28. Bxf7 Nf4 29. Bc4 Nxg2 30. Rf3 b5 31. Bb3 Kc7 32. Bc2 Kb6 33. b3 Nf4 34. Rd2 a5 35. bxa5+ Kxa5 36. b4+ Kb6 37. Rd1 Ne2 38. Kb2 Nd4 39. Rf6 Rg8 40. Rf2 Rg3 41. Rh2 Nf3 42. Rhh1 Rg2 43. Kc3 Ra7 44. Ra1 c5 45. bxc5+ Kxc5 46. Bb3 Nd4 47. Bd1 Kb6 48. a4 Rc7+ 49. Kb4 Rb2+ 50. Ka3 Rd2 51. axb5 Ra7+ 52. Ba4 Nc2+ 53. Kb3 Nxa1+ 54. Rxa1 Rxd3+ 55. Kb2 Rxh3 56. Ra3 Rxa3 57. Kxa3 h5 58. Kb4 Rxa4+ 0-1

[Event "CAN-op"]
[Site "Edmonton CAN"]
[Date "2009.07.18"]
[Round "8.68"]
[White "Achtemichuk, Chris"]
[Black "Green, Aaron"]
[Result "1/2-1/2"]
[WhiteElo "1676"]
[BlackElo "1818"]
[PlyCount "82"]
[GameId "2160767910156307"]
[EventDate "2009.07.11"]
[EventType "swiss"]
[EventRounds "9"]
[EventCountry "CAN"]
[SourceTitle "hb 2009.08"]

1. Nf3 Nf6 2. g3 g6 3. Bg2 Bg7 4. d3 O-O 5. Nbd2 d6 6. O-O e5 7. c4 Nbd7 8. Rb1 Ne8 9. b3 f5 10. Bb2 Ndf6 11. c5 h6 12. Nc4 g5 13. Nfd2 f4 14. b4 h5 15. Na5 Rb8 16. Qb3+ Kh8 17. a4 Qe7 18. b5 h4 19. c6 b6 20. Nac4 hxg3 21. hxg3 Be6 22. Nf3 Ng4 23. Bh3 Bf6 24. Bxg4 Bxg4 25. Kg2 Kg7 26. Rh1 Rh8 27. Rxh8 Kxh8 28. Rh1+ Kg7 29. Ncd2 Rd8 30. Ba3 Be6 31. Qc2 Qf7 32. Bb2 Bd5 33. Ne4 Bxe4 34. dxe4 Kf8 35. g4 Ng7 36. Ba3 Ke7 37. Ne1 Ne6 38. Nd3 Nd4 39. Qd2 Bg7 40. e3 fxe3 41. Qxe3 Bf6 1/2-1/2

[Event "CAN-op"]
[Site "Edmonton CAN"]
[Date "2009.07.18"]
[Round "8.69"]
[White "Marshall, Jim"]
[Black "Davidson, Brian"]
[Result "1/2-1/2"]
[WhiteElo "1661"]
[BlackElo "1814"]
[PlyCount "76"]
[GameId "2160767910156308"]
[EventDate "2009.07.11"]
[EventType "swiss"]
[EventRounds "9"]
[EventCountry "CAN"]
[SourceTitle "hb 2009.08"]

1. e4 c5 2. f4 e6 3. Nf3 Nc6 4. Be2 Be7 5. O-O b6 6. d4 cxd4 7. Nxd4 Nxd4 8. Be3 Nxe2+ 9. Qxe2 Nf6 10. e5 Nd5 11. Bd4 Bb7 12. c4 Nb4 13. a3 Nc6 14. Bc3 f5 15. Qh5+ g6 16. Qh6 Bf8 17. Qh3 Rc8 18. Nd2 Bc5+ 19. Kh1 Bd4 20. Nf3 Bxc3 21. bxc3 h6 22. Rad1 Na5 23. Nd4 Kf7 24. Nxe6 Kxe6 25. Rd6+ Kf7 26. Rfd1 Bc6 27. Rf6+ Kg7 28. Rdd6 Rh7 29. Rxg6+ Kh8 30. Rxh6 Qe7 31. Rxh7+ Qxh7 32. Rh6 Qxh6 33. Qxh6+ Kg8 34. Qg6+ Kh8 35. Qf6+ Kg8 36. Qxf5 Nxc4 37. Qg6+ Kh8 38. Qh6+ Kg8 1/2-1/2

[Event "CAN-op"]
[Site "Edmonton CAN"]
[Date "2009.07.18"]
[Round "8.70"]
[White "Thomas, Derek"]
[Black "Miettinen, Eric"]
[Result "1-0"]
[WhiteElo "1532"]
[BlackElo "1800"]
[PlyCount "59"]
[GameId "2160767910156309"]
[EventDate "2009.07.11"]
[EventType "swiss"]
[EventRounds "9"]
[EventCountry "CAN"]
[SourceTitle "hb 2009.08"]

1. d4 Nf6 2. c4 c5 3. e3 cxd4 4. exd4 d5 5. Nc3 g6 6. Nf3 Bg7 7. Bg5 dxc4 8. Bxc4 O-O 9. O-O Nbd7 10. Re1 Nb6 11. Bb3 e6 12. Qd2 Bd7 13. Bh6 Bc6 14. Bxg7 Kxg7 15. Ne5 Rc8 16. Re3 Nbd7 17. Rh3 h5 18. Qg5 Nh7 19. Qg3 Nxe5 20. dxe5 Qg5 21. f4 Qxg3 22. Rxg3 Rfd8 23. Rd1 Rxd1+ 24. Bxd1 Rd8 25. b3 Kf8 26. Bf3 Rd3 27. Bxc6 Rxg3 28. hxg3 bxc6 29. Ne4 f6 30. exf6 1-0

[Event "CAN-op"]
[Site "Edmonton CAN"]
[Date "2009.07.18"]
[Round "8.71"]
[White "De Jong, Werner"]
[Black "Mendryk, Wayne"]
[Result "1/2-1/2"]
[WhiteElo "1792"]
[BlackElo "1440"]
[PlyCount "84"]
[GameId "2160767910156310"]
[EventDate "2009.07.11"]
[EventType "swiss"]
[EventRounds "9"]
[EventCountry "CAN"]
[SourceTitle "hb 2009.08"]

1. c4 Nf6 2. g3 e5 3. Bg2 Nc6 4. Nc3 Be7 5. e3 d6 6. Nge2 Rb8 7. d4 exd4 8. exd4 Bg4 9. h3 Bxe2 10. Nxe2 Qd7 11. O-O O-O 12. Nf4 g5 13. Ne2 h6 14. f4 Nh7 15. d5 Nd8 16. f5 Bf6 17. Nc3 Bxc3 18. bxc3 f6 19. h4 Nf7 20. Be3 b6 21. Qh5 Ne5 22. Qxh6 Nxc4 23. Qg6+ Qg7 24. Bd4 Ne5 25. Bxe5 dxe5 26. h5 Rfd8 27. a4 Nf8 28. Qxg7+ Kxg7 29. g4 Rd6 30. Rfb1 Nd7 31. a5 Nc5 32. axb6 axb6 33. Kf2 Nd3+ 34. Ke3 Nc5 35. Be4 Rdd8 36. Ra7 Rb7 37. Ra3 Kf7 38. Rba1 Ke7 39. Ra8 Rbb8 40. R8a7 Kd6 41. Bc2 Rh8 42. Ba4 Rh6 1/2-1/2

[Event "CAN-op"]
[Site "Edmonton CAN"]
[Date "2009.07.18"]
[Round "8.72"]
[White "Pradzinski, Tim"]
[Black "Santelices, Philip"]
[Result "1-0"]
[WhiteElo "1969"]
[BlackElo "1629"]
[PlyCount "141"]
[GameId "2160767910156311"]
[EventDate "2009.07.11"]
[EventType "swiss"]
[EventRounds "9"]
[EventCountry "CAN"]
[SourceTitle "hb 2009.08"]

1. e4 e6 2. d4 c5 3. Be3 cxd4 4. Bxd4 Nc6 5. Be3 a6 6. Nf3 Qc7 7. a3 Nf6 8. Nc3 Be7 9. Bd3 b5 10. h3 Bb7 11. Bd2 O-O 12. O-O Rac8 13. Qe2 Rfe8 14. e5 Nd5 15. Nxd5 exd5 16. Rfe1 Bc5 17. Bf5 Nd4 18. Nxd4 Bxd4 19. Qg4 Qb6 20. Qh4 h6 21. c3 Bxe5 22. Bxd7 Rc4 23. Qh5 g6 24. Qxh6 Re7 25. Bg5 Bg7 26. Rxe7 Bxh6 27. Bxh6 Re4 28. Rxe4 dxe4 29. Rd1 Qf6 30. Be3 Qe7 31. Bg4 f5 32. Be2 g5 33. Bb6 Bc6 34. Bd8 Qe5 35. Bxg5 f4 36. Bh4 Bd5 37. Bg4 a5 38. Bf6 Qd6 39. Bg5 f3 40. gxf3 Qc6 41. f4 Qc4 42. Rd4 Qa2 43. Rd2 e3 44. fxe3 Qb1+ 45. Rd1 Qe4 46. Kf2 Qg2+ 47. Ke1 a4 48. Bh4 Qh1+ 49. Ke2 Qg2+ 50. Ke1 Kg7 51. Bf2 Qe4 52. h4 Qg2 53. Be2 Qh1+ 54. Kd2 Qh2 55. Rg1+ Kf6 56. Ke1 Qh3 57. h5 Qf5 58. Bh4+ Kf7 59. h6 Qh3 60. Rg7+ Ke8 61. Bh5+ Bf7 62. Bxf7+ Kf8 63. Bg5 Qh1+ 64. Ke2 Qg2+ 65. Kd3 Qf1+ 66. Ke4 Qg2+ 67. Ke5 Qxb2 68. Be6 Qxc3+ 69. Kf5 Qd3+ 70. e4 Qh3+ 71. Kf6 1-0